000 00468nam a2200133Ia 4500
008 170221s9999 xx 000 0 und d
100 _aCharles R. B. Stowe
245 _aStrategies for advancing organizational innovation
245 _cCharles R. B. Stowe, Lander University; Doug Grider, Lander University.
260 _bJournal of Management and Marketing Research
260 _c2012
650 _xBusiness
856 _uhttp://www.aabri.com/manuscripts/141789.pdf
999 _c309738
_d309738